00000000nas 2200000zi 4500
0019.939866
003CaOODSP
00520250624101027
006m     o  d f      
007cr bn ||||||||
008240626c20209999oncar p o    f0### 0eng|d
040 |aCaOODSP|beng|erda|cCaOODSP
043 |an-cn---
0861 |aD95-19E-PDF
1101 |aCanada. |bOffice of the Intelligence Commissioner, |eauthor, |eissuing body.
24510|aFuture-oriented statement of operations (unaudited) for the year ended March 31 (in dollars).
2461 |iIssues for 2021/2022- have title: |aFuture-oriented statement of operations (unaudited) for the year ending March 31 (in dollars)
264 1|a[Ottawa] : |bOffice of the Intelligence Commissioner, |c[2020]-
310 |aAnnual
336 |atext|btxt|2rdacontent
337 |acomputer|bc|2rdamedia
338 |aonline resource|bcr|2rdacarrier
3621 |aBegan with: Forecast results 2019/2020.
500 |aIssued also in French under title: État des résultats prospectifs (non audité) pour l’exercice terminé le 31 mars (en dollars).
588 |aDescription based on: Forecast results 2019/2020; title from PDF caption.
588 |aLatest issue consulted: Forecast results 2023/2024.
61010|aCanada. |bOffice of the Intelligence Commissioner|xAppropriations and expenditures|vPeriodicals.
650 0|aFinance, Public|zCanada|xForecasting|vPeriodicals.
655 7|aPeriodicals|2lcgft
77508|tÉtat des résultats prospectifs (non audité) pour l’exercice terminé le 31 mars (en dollars).|w(CaOODSP)9.939865